Encyclopaedia of Forms and Precedents (Record no. 85394)

MARC details
000 -LEADER
fixed length control field 00585cam a2200169 4500
008 - FIXED-LENGTH DATA ELEMENTS--GENERAL INFORMATION
fixed length control field 000000n 000 0 eng u
035 ## - SYSTEM CONTROL NUMBER
System control number (Sirsi) u103604
245 ## - TITLE STATEMENT
Title Encyclopaedia of Forms and Precedents
260 ## - PUBLICATION, DISTRIBUTION, ETC.
Date of publication, distribution, etc. Butterworths
500 ## - GENERAL NOTE
General note Accessd via Butterworths web site address : www.butterworths.co.uk. Cathy holds the old disc as back up.
520 ## - SUMMARY, ETC.
Summary, etc. Subscription web site for this legal encyclopaedia. Searches can be done by the RICS Library phone for details.
650 ## - SUBJECT ADDED ENTRY--TOPICAL TERM
Topical term or geographic name entry element LEGAL FORMS
650 ## - SUBJECT ADDED ENTRY--TOPICAL TERM
Topical term or geographic name entry element PRECEDENTS
650 ## - SUBJECT ADDED ENTRY--TOPICAL TERM
Topical term or geographic name entry element LAW
690 ## - LOCAL SUBJECT ADDED ENTRY--TOPICAL TERM (OCLC, RLIN)
Topical term or geographic name as entry element LAW-UK
942 ## - ADDED ENTRY ELEMENTS (KOHA)
Suppress in OPAC 0
Holdings
Withdrawn status Lost status Source of classification or shelving scheme Damaged status Not for loan Home library Current library Shelving location Date acquired Total Checkouts Full call number Barcode Date last seen Copy number Price effective from Koha item type
    Dewey Decimal Classification     London London Enquiry desk 14/01/2000   CD-ROM BOX 103604-1001 06/08/2019 1 06/08/2019 Reference material